| 000 | 00634cam a22002171 4500 | ||
|---|---|---|---|
| 001 | he 68000397 | ||
| 003 | DLC | ||
| 005 | 20260227111453.0 | ||
| 008 | 830707s1893 li 000 0 heb | ||
| 010 | _ahe 68000397 | ||
| 035 | _a(OCoLC)19157861 | ||
| 040 |
_aDLC _cMH _dDLC |
||
| 042 | _apremarc | ||
| 050 | 0 | 0 |
_aBM522.3 _b.O6 1893 |
| 100 | 1 |
_aDonchin, Eliezer, _d1838-1926. |
|
| 245 | 1 | 0 |
_aEven shetiyah : _b... sheʼelot u-teshuvot ... / _cEliʻezer Don-Yaḥya. |
| 260 |
_aVilna : _bBi-defus A.T. Ḳatsinelinboygen, _c653 [1893] |
||
| 300 |
_a270 p. ; _c33 cm. |
||
| 650 | 0 |
_aResponsa _y1800-1948. |
|
| 752 |
_aLithuania _dVilna |
||
| 999 |
_c32908 _d32908 |
||